000 00421cam a2200181 4500
001 D7057
008 090401t1973 xxu||||| |||| 00| 0 eng d
035 _a(Sirsi) u4973
041 _aeng
050 _a336.22
100 _aMellows, Anthony R
245 _aTaxation of land transactions
260 _aLondon
_bButterworths
_c1973
300 _axxvi. 269p. 22cm
350 _a3.8
942 _n0
948 _c04/03/1997
999 _c86096
_d86096